Detalles MARC
| 000 -LIDER |
| fixed length control field |
02213nam a2200361 a 4500 |
| 001 - NÚMERO DE CONTROL |
| Identificador de número de control |
000027307 |
| 003 - IDENTIFICACDOR DE NÚMERO DE CONTROL |
| control field |
DO-SdBNP |
| 005 - DATE AND TIME OF LATEST TRANSACTION |
| control field |
20171023105150.0 |
| 007 - CAMPOS FIJOS DE DESCRIPCIÓN FÍSICA |
| fixed length control field |
000027307 |
| 008 - ELEMENTOS DE LONGITUD FIJA |
| fixed length control field |
110331t1995 dr ac 001 0bspa d |
| 040 ## - FUENTE DE CATALOGACIÓN |
| Agencia que crea de manera original el registro |
BPMSU |
| Idioma de catalogación |
spa |
| Agencia que realiza la transcripción |
BPMSU |
| 082 #4 - NÚMERO DE CLASIFICACIÓN DECIMAL DE DEWEY |
| Classification number |
972.9304 |
| Item number |
B174p |
| 100 1# - ASIENTO PRINCIPAL -- NOMBRE PERSONAL |
| Nombre personal |
Balcácer, Juan Daniel, |
| Fechas asociadas con el nombre |
1949- |
| 245 10 - MENCIÓN DE TITULO |
| Título |
Pensamiento y acción de los padres de la Patria / |
| Mención de responsabilidad |
Juan Daniel Balcácer. |
| 260 0# - PUBLICACIÓN, DISTRIBUCIÓN, ETC. (PIE DE IMPRENTA) |
| Lugar de publicación, distribución, etc |
Santo Domingo : |
| Nombre del editor, distribuidor, etc. |
Taller, |
| Fecha de publicación, distribución, etc |
1995. |
| 300 ## - DESCRIPCIÓN FÍSICA |
| Extensión |
111 p. : |
| Otros detalles físicos |
il. ; |
| Dimensiones |
22 cm. |
| 500 ## - NOTA GENERAL |
| Nota general |
Incluye bibliografía y notas al pie de páginas y al final de capítulos. |
| 505 0# - NOTA DE CONTENIDO |
| Información miscelánea |
Presentación . |
| -- |
Juan Pablo Duarte : su pensamiento político : |
| Título |
Para conocer a Duarte -- |
| -- |
Duarte y el Santo Domingo de su época -- |
| -- |
Los fueros de Barcelona -- |
| -- |
El nacionalista -- |
| -- |
Contra el intervencionismo -- |
| -- |
El escritor. |
| 505 0# - NOTA DE CONTENIDO |
| Información miscelánea |
Ramón Matías Mella: el prócer de La Misericordia : |
| Título |
Familia de próceres -- |
| -- |
Los primeros años -- |
| -- |
Durante la dominación haitiana -- |
| -- |
Actividades revolucionarias -- |
| -- |
El trabucazo heroico -- |
| -- |
Servicio a la patria -- |
| -- |
Misión diplomática -- |
| -- |
Trayectoria militar -- |
| -- |
Intrepidez y audacia -- |
| -- |
En la cima del patriotismo. |
| 505 0# - NOTA DE CONTENIDO |
| Información miscelánea |
Francisco del Rosario Sánchez : el mártir de El Cercado : |
| Título |
Nacionalista pragmático -- |
| -- |
Los primeros años -- |
| -- |
En los afanes revolucionarios -- |
| -- |
Proclamación de la República -- |
| -- |
Sánchez y Santana -- |
| -- |
Sánchez y Báez -- |
| -- |
Al margen de la política -- |
| -- |
Sánchez y la anexión -- |
| -- |
Sánchez y Duarte -- |
| -- |
Redentor y mártir -- |
| Información miscelánea |
Apéndice: Breve historia de la bandera. |
| 600 14 - ENCABEZAMIENTO DE MATERIA--NOMBRE PERSONAL |
| Nombre personal |
DUARTE, JUAN PABLO, |
| Fechas asociadas con el nombre |
1813-1876 |
| Subdivisión temática general |
PENSAMIENTO POLÍTICO |
| 600 14 - ENCABEZAMIENTO DE MATERIA--NOMBRE PERSONAL |
| Nombre personal |
SÁNCHEZ, FRANCISCO DEL ROSARIO, |
| Fechas asociadas con el nombre |
1817-1861 |
| Subdivisión temática general |
PENSAMIENTO POLÍTICO |
| 600 14 - ENCABEZAMIENTO DE MATERIA--NOMBRE PERSONAL |
| Nombre personal |
MELLA, MATÍAS RAMÓN, |
| Fechas asociadas con el nombre |
1816-1864 |
| Subdivisión temática general |
PENSAMIENTO POLÍTICO |
| 650 #4 - ENCABEZAMIENTO DE MATERIA--TEMÁTICO |
| Término temático o nombre geográfico como elemento de entrada |
ESTADISTAS |
| Subdivisión geográfica |
REPÚBLICA DOMINICANA |
| Subdivisión de forma |
BIOGRAFÍAS |
| 651 #4 - ENCABEZAMIENTO DE MATERIA--NOMBRE GEOGRÁFICO |
| Nombre geográfico |
REPÚBLICA DOMINICANA |
| Subdivisión temática general |
HISTORIA |
| Subdivisión cronológica |
1844-1930 |
| 651 #4 - ENCABEZAMIENTO DE MATERIA--NOMBRE GEOGRÁFICO |
| Nombre geográfico |
REPÚBLICA DOMINICANA |
| Subdivisión temática general |
BIOGRAFÍAS |
| 910 ## - VALIDACIÓN |
| Validación |
Validado. Control de calidad MFF |
| 942 ## - ADDED ENTRY ELEMENTS (KOHA) |
| Source of classification or shelving scheme |
Dewey Decimal Classification |
| Koha item type |
Libros |
| 945 ## - INFORMACIÓN DE PROCESAMIENTO LOCAL |
| Información de procesamiento local |
Inventariado / 2017 VM |
| 956 ## - LOCAL ELECTRONIC LOCATION AND ACCESS (OCLC) |
| Nombre de host |
VMATEO |
| Número de acceso |
10 |
| Información de compresión |
20110331 |
| Inicio de sesión |
BND01 |
| Procesador de solicitud |
0934 |
| 956 ## - LOCAL ELECTRONIC LOCATION AND ACCESS (OCLC) |
| Nombre de host |
EMARRERO |
| Número de acceso |
40 |
| Información de compresión |
20110706 |
| Inicio de sesión |
BND01 |
| Procesador de solicitud |
1053 |
| 956 ## - LOCAL ELECTRONIC LOCATION AND ACCESS (OCLC) |
| Nombre de host |
VMATEO |
| Número de acceso |
10 |
| Información de compresión |
20150810 |
| Inicio de sesión |
BPMSU |
| Procesador de solicitud |
00151 |